| 000 | 00433 a2200169 4500 | ||
|---|---|---|---|
| 003 | Nust | ||
| 005 | 20170207153947.0 | ||
| 040 | _cNust | ||
| 082 | _a621.382 | ||
| 100 | _aAnwar, Lt Col Asad (MSEE-14) | ||
| 245 |
_aEdge Detection Using wavelet scale correlation _cLt Col Asad Anwar |
||
| 260 |
_aMCS,NUST _c2012 _bRawalpinidi |
||
| 300 | _aviii, 78, p; | ||
| 538 | _aAlmirah No 69 Shelf No 2 | ||
| 650 | _aPG Thesis | ||
| 651 | _aMSEE-14 | ||
| 942 | _cTHS | ||
| 999 |
_c190564 _d190564 |
||